| 000 | 03008nam0a2200529 4500 | ||
|---|---|---|---|
| 001 | RU\NLR\bibl\1673616 | ||
| 005 | 20250616045300.0 | ||
| 010 |
_a978-5-7422-2599-7 _91000 |
||
| 021 |
_aRU _b2010-60678 _93971 |
||
| 035 | _a(nilc)LIBNET\0000059636 | ||
| 035 | _a1VIL\RUSMED\0000174728 | ||
| 035 | _aRSL-KNO-004716118 | ||
| 035 | _a(NLR Aleph) 001664859 | ||
| 090 |
_a1004617 _c1004617 |
||
| 100 | _a20100818d2010 |||y0rusy50 ca | ||
| 101 | 0 | _arus | |
| 102 | _aRU | ||
| 105 | _aa z ||||| | ||
| 200 | 1 |
_aМодернизация системы медицинского снабжения войск (сил) _fА. Б. Горячев, Ю. В. Мирошниченко, С. А. Бунин _gпод общ. ред. проф. А. Б. Белевитина |
|
| 210 |
_aСанкт-Петербург _cИзд-во Политехнического университета _d2010 |
||
| 215 |
_a127 с. _cил. _d22 |
||
| 300 | _aНа 4-й с. обл. авт.: Белевитин А.Б., д.м.н., проф., засл. врач РФ, Бунин С.А., к.фарм.н., доц., Мирошниченко Ю.В., д.фарм.н., проф., засл. работник здравоохранения РФ, Горячев А.Б., к.фарм.н., засл. работник здравоохранения РФ | ||
| 320 | _aБиблиогр.: с. 91-95 (60 назв.) | ||
| 601 | 0 | 1 |
_aРоссийская Федерация _bВооруженные силы _xМедико-санитарное снабжение _92620501 _3RU\NLR\auth\661557061 |
| 606 | 1 |
_aВОЕННАЯ МЕДИЦИНА _xорганизация и управление _2rus_mesh _3R9054-8.1 |
|
| 606 | 1 |
_aMILITARY MEDICINE _xorganization and administration _2rus_mesh _3E9054-8.1 |
|
| 606 | 1 |
_aОБОРУДОВАНИЕ, АППАРАТУРА, ИНСТРУМЕНТЫ _xснабжение и распределение _2rus_mesh _3R4978-9.1 |
|
| 606 | 1 |
_aEQUIPMENT AND SUPPLIES _xsupply and distribution _2rus_mesh _3E4978-9.1 |
|
| 610 | 0 | _aЗдравоохранение. Медицинские науки -- Военная медицина | |
| 686 |
_a76.75.75 _2rugasnti |
||
| 686 |
_a76.35.31 _2rugasnti |
||
| 686 |
_aH02.403.500 - организация и управление _v2010 _2MESH |
||
| 686 |
_aH02.403.500 - organization and administration _v2010 _2MESH |
||
| 686 |
_aE07 - снабжение и распределение _v2010 _2MESH |
||
| 686 |
_aE07 - supply and distribution _v2010 _2MESH |
||
| 686 |
_aР89,0 _2rubbk |
||
| 686 | _aЦ7,6(2Р)64 | ||
| 700 | 1 |
_aГорячев _bА. Б. _gАндрей Борисович _4070 |
|
| 701 | 1 |
_aМирошниченко _bЮ. В. _gЮрий Владимирович _4070 |
|
| 701 | 1 |
_aБунин _bС. А. _gСергей Александрович _4070 |
|
| 801 | 0 |
_aRU _bЦНМБ _c20100818 _gPSBO |
|
| 801 | 1 |
_aRU _bЦНМБ _c20100818 |
|
| 801 | 2 |
_aRU _bЦНМБ _c20100903 |
|
| 801 | 2 |
_aRU _bРГБ _c20100809 |
|
| 801 | 2 |
_aRU _bNLR _c20100913 _grcr |
|
| 942 | _cBOOK | ||
| 980 | _aNB | ||